| 000 | 00873nam a2200229Ia 4500 | ||
|---|---|---|---|
| 999 |
_c55770 _d55770 |
||
| 001 | 22867 | ||
| 003 | GE_BSU | ||
| 005 | 20230529103702.0 | ||
| 008 | 181216s ||||ge |||||||||||||| ||geo|| | ||
| 020 | _a9789941955006 | ||
| 040 | _cGE_BSU | ||
| 041 | _ageo | ||
| 080 | _a634.8 ბ-693 | ||
| 245 |
_aბიომევენახეობა : _bმეთოდები და პრაქტიკა / _cრედ. მ. ბერუაშვილი. |
||
| 250 | _aპირველი გამოცემა | ||
| 264 |
_aთბილისი : _b[?], _c2017. |
||
| 300 |
_a108 გვ. : _bილ. ; _c20 სმ. |
||
| 541 | _h2 ლ. | ||
| 653 | _aბიომევენახეობა : მეთოდები და პრაქტიკა | ||
| 700 |
_aბერუაშვილი, დ. _eრედაქტორი _918247 |
||
| 942 |
_cBK _2udc |
||